| 000 | 01462cam a22003378i 4500 | ||
|---|---|---|---|
| 001 | 18445858 | ||
| 003 | ARRUPE | ||
| 005 | 20150513131222.0 | ||
| 008 | 150112s2015 nyu b 001 0 eng | ||
| 010 | _a 2014036993 | ||
| 020 | _a9780393244076 (hardcover) | ||
| 040 |
_aDLC _beng _erda _cDLC |
||
| 042 | _apcc | ||
| 043 | _an-us--- | ||
| 050 | 0 | 0 |
_aE450 _b.F66 2015 |
| 082 | 0 | 0 |
_a973.7/115 _223 |
| 100 | 1 |
_aFoner, Eric, _d1943- _917774 |
|
| 245 | 1 | 0 |
_aGateway to freedom : _bthe hidden history of the underground railroad / _cEric Foner. |
| 250 | _aFirst edition. | ||
| 260 |
_aNew York _bW.W. Norton _c2015 |
||
| 263 | _a1501 | ||
| 300 |
_axiii, 301p.; _c25cm. |
||
| 504 | _aIncludes bibliographical references and index. | ||
| 505 | 0 | _aIntroduction: rethinking the underground railroad -- Slavery and freedom in New York -- The New York Vigilance Committee -- A patchwork system: the underground railroad in the 1840s -- The Fugitive Slave Law and the crisis of the Black community -- The metropolitan corridor -- The record of fugitives -- The end of the underground railroad. | |
| 650 | 0 |
_aUnderground railroad. _917775 |
|
| 650 | 0 |
_aFugitive slaves _zUnited States _xHistory _y19th century. _917776 |
|
| 650 | 0 |
_aAntislavery movements _zUnited States _xHistory _y19th century. _917777 |
|
| 906 |
_a7 _bcbc _corignew _d1 _eecip _f20 _gy-gencatlg |
||
| 942 |
_2lcc _cMONOGRAPH |
||
| 999 |
_c122829 _d122829 |
||